[Event "Staufer op-A 27th"]
[Site "Schwaebisch Gmuend"]
[Date "2015.01.03"]
[Round "4"]
[White "Liebhart, Marcel"]
[Black "Jurek, Josef"]
[Result "0-1"]
[WhiteElo "2045"]
[BlackElo "2291"]
[PlyCount "72"]
[EventDate "2015.01.02"]
[EventType "swiss"]
[EventRounds "9"]
[EventCountry "GER"]
[SourceTitle "CBM 164 Extra"]
[Source "ChessBase"]
[SourceDate "2015.03.02"]
[SourceVersion "1"]
[SourceVersionDate "2015.03.02"]
[SourceQuality "1"]

1. d4 Nf6 2. Nf3 e6 3. e3 b6 4. Bd3 Bb7 5. Nbd2 c5 6. 0-0 Be7 7. b3 d6 8. c4 0-0 9. Re1 Nbd7 10. Bb2 Qc7 11. Rc1 a6 12. Bb1 Rad8 13. Qc2 Rfe8 14. Ng5 g6 15. f4 Bf8 16. Ngf3 Bg7 17. a3 Qb8 18. Bc3 Nh5 19. Rf1 cxd4 20. Nxd4 e5 21. fxe5 dxe5 22. N4f3 Qc7 23. b4 Nhf6 24. Rce1 e4 25. Nh4 Ng4 26. g3 Nde5 27. Ba2 Rd3 28. Bd4 Rxd4 29. exd4 Nd3 30. Nb3 Nxe1 31. Rxe1 e3 32. d5 Bxd5 33. Qd1 Be6 34. Nd4 Rd8 35. Nhf3 Bxd4 36. Nxd4 Qe5 0-1

[Event "Graz op-A 19th"]
[Site "Graz"]
[Date "2012.08.27"]
[Round "3"]
[White "Hocevar, Nikola"]
[Black "Liebhart, Marcel"]
[Result "0-1"]
[WhiteElo "2019"]
[BlackElo "2068"]
[PlyCount "58"]
[EventDate "2012.08.25"]
[EventType "swiss"]
[EventRounds "9"]
[EventCountry "AUT"]
[SourceTitle "CBM 150 Extra"]
[Source "ChessBase"]
[SourceDate "2012.10.19"]
[SourceVersion "1"]
[SourceVersionDate "2012.10.19"]
[SourceQuality "1"]

1. d4 Nf6 2. Nf3 e6 3. Nbd2 c5 4. e3 b6 5. c3 Bb7 6. Bd3 Be7 7. 0-0 d6 8. Qe2 Nc6 9. e4 Qc7 10. a3 Nd7 11. b4 Bf6 12. Bb2 0-0 13. Rac1 Rae8 14. Qd1 g6 15. Re1 Bg7 16. Qb3 d5 17. exd5 exd5 18. Rxe8 Rxe8 19. c4 Nxd4 20. Nxd4 Bxd4 21. cxd5 Qf4 22. Nf3 Ne5 23. Bb5 Nxf3+ 24. gxf3 Qg5+ 25. Kf1 Bxd5 26. Bc4 Qd2 27. Rc2 Re1+ 28. Kg2 Qg5+ 29. Kh3 Rg1 0-1

[Event "Graz op-A 19th"]
[Site "Graz"]
[Date "2012.08.25"]
[Round "1"]
[White "Gruskovnjak, Tomislav"]
[Black "Liebhart, Marcel"]
[Result "1-0"]
[WhiteElo "2384"]
[BlackElo "2068"]
[PlyCount "27"]
[EventDate "2012.08.25"]
[EventType "swiss"]
[EventRounds "9"]
[EventCountry "AUT"]
[SourceTitle "CBM 150 Extra"]
[Source "ChessBase"]
[SourceDate "2012.10.19"]
[SourceVersion "1"]
[SourceVersionDate "2012.10.19"]
[SourceQuality "1"]

1. d4 Nf6 2. c4 c5 3. Nf3 cxd4 4. Nxd4 b6 5. f3 e6 6. e4 Nc6 7. Be3 Bb4+ 8. Nc3 0-0 9. Be2 Nxd4 10. Bxd4 d5 11. e5 Nd7 12. cxd5 exd5 13. 0-0 f6 14. Nxd5 1-0